HIGH COURT CRIMINAL SESSION NO.60 OF 1974 Uganda Vs Antonio Obema (Record no. 7825)
[ view plain ]
| 000 -LEADER | |
|---|---|
| fixed length control field | 00483nam a22001097a 4500 |
| 008 - FIXED-LENGTH DATA ELEMENTS--GENERAL INFORMATION | |
| fixed length control field | 150715b xxu||||| |||| 00| 0 eng d |
| 010 ## - LIBRARY OF CONGRESS CONTROL NUMBER | |
| Field link and sequence number | HCCRS ARF:027 |
| 245 ## - TITLE STATEMENT | |
| Title | HIGH COURT CRIMINAL SESSION NO.60 OF 1974 Uganda Vs Antonio Obema |
| 260 ## - PUBLICATION, DISTRIBUTION, ETC. (IMPRINT) | |
| Place of publication, distribution, etc | High Court Kampala |
| 500 ## - GENERAL NOTE | |
| Materials specified | (original criminal Case No.MA.606 of 1970 in the chief Magistrate's court of Arua at Arua<br/>Before: His Worship C.M.A.Liiga,Esq., Magistrate Grade 1)<br/> |
| 500 ## - GENERAL NOTE | |
| Materials specified | BEFORE:The Honourable Mr.Justice D.L.K.Lubogo |
| Withdrawn status | Lost status | Source of classification or shelving scheme | Damaged status | Koha normalized classification for sorting | Not for loan | Location (home branch) | Sublocation or collection (holding branch) | Shelving location | Date acquired | Koha issues (times borrowed) | Koha full call number | Piece designation (barcode) | Koha date last seen | Price effective from | Koha item type | Public note |
|---|---|---|---|---|---|---|---|---|---|---|---|---|---|---|---|---|
| Dewey Decimal Classification | HCCRS_ARF027 | Archives | Archives | Archives | 07/15/2015 | HCCRS ARF:027 | 2911/2015 | 07/15/2015 | 07/15/2015 | Un Reported Cases | Judgement was entered on 13th August 1974 | |||||
| Dewey Decimal Classification | HCCRS_ARF027 | Archives | Archives | Archives | 07/15/2015 | HCCRS ARF:027 | 2912/2015 | 07/15/2015 | 07/15/2015 | Un Reported Cases | Judgement was entered on 13th August 1974 |
